Statistics for American TV Moms

Click here to take the quiz!

General Stats

  • This quiz has been taken 8,578 times
    (8,555 since last reset)
  • The average score is 10 of 24

Answer Stats

ShowMom% Correct
The SimpsonsMarge Simpson
96%
The FlintstonesWilma Flintstone
80%
RoseanneRoseanne Conner
78%
The Addams FamilyMorticia Addams
70%
The OsbournesSharon Osbourne
65%
Family GuyLois Griffin
61%
Married...With ChildrenPeggy Bundy
54%
The Brady BunchCarol Brady
49%
Modern FamilyClaire Dunphy
36%
Modern FamilyGloria Pritchett
35%
Leave It to BeaverJune Cleaver
35%
The Golden GirlsSophia Petrillo
35%
The Fresh Prince of Bel-AirVivian Banks
35%
Home ImprovementJill Taylor
31%
Breaking BadSkyler White
31%
That '70s ShowKitty Forman
28%
Who's the Boss?Angela Bower
27%
Happy DaysMarion Cunningham
23%
Mad MenBetty Draper/Francis
22%
The SopranosCarmela Soprano
19%
Good TimesFlorida Evans
16%
Family TiesElyse Keaton
15%
Arrested DevelopmentLucille Bluth
14%
Family MattersHarriet Winslow
13%

Score Distribution

Percentile by Number Answered

Percent of People with Each Score

Your Score History

You have not taken this quiz since the last reset